[Event "CZE-ch U14"]
[Site "Kouty nad Desnou"]
[Date "2024.03.13"]
[Round "6"]
[White "Gregor, Alexandr"]
[Black "Migalko, Dmitriy"]
[Result "1-0"]
[WhiteElo "1777"]
[BlackElo "1896"]
[PlyCount "91"]
[EventDate "2024.03.09"]
[EventType "swiss"]
[EventRounds "9"]
[EventCountry "CZE"]
[SourceTitle "CB12_2024"]
[SourceDate "2023.10.01"]
[SourceVersion "1"]
[SourceVersionDate "2023.10.01"]
[SourceQuality "1"]

1. e4 c5 2. Nf3 e6 3. d4 cxd4 4. Nxd4 Nc6 5. Nc3 Qc7 6. Be3 a6 7. Be2 Nf6 8. 0-0 Be7 9. f4 d6 10. Bf3 0-0 11. g4 Nxd4 12. Bxd4 e5 13. fxe5 dxe5 14. Be3 Bc5 15. Bxc5 Qxc5+ 16. Kh1 Be6 17. g5 Rad8 18. Qe2 Bc4 19. Qf2 Nd7 20. Qxc5 Nxc5 21. Rfd1 Ne6 22. Rxd8 Rxd8 23. h4 Rd2 24. Rc1 Rf2 25. Bd1 Rf1+ 26. Kh2 Nf4 27. Rb1 Be6 28. b3 b5 29. a3 Re1 30. Na2 Rxe4 31. Bf3 Re3 32. Bb7 Re2+ 33. Kg1 Rxc2 34. Nb4 Rc3 35. Bxa6 Bxb3 36. Bxb5 Rg3+ 37. Kf2 Rg2+ 38. Kf3 Be6 39. a4 f6 40. gxf6 gxf6 41. a5 Rg7 42. a6 Nd5 43. Bc4 e4+ 44. Kf2 e3+ 45. Kf3 Rd7 46. Bxd5 1-0

[Event "CZE-ch U14"]
[Site "Kouty nad Desnou"]
[Date "2024.03.11"]
[Round "3"]
[White "Migalko, Dmitriy"]
[Black "Kutil, Adam"]
[Result "0-1"]
[WhiteElo "1896"]
[BlackElo "1820"]
[PlyCount "66"]
[EventDate "2024.03.09"]
[EventType "swiss"]
[EventRounds "9"]
[EventCountry "CZE"]
[SourceTitle "CB12_2024"]
[SourceDate "2023.10.01"]
[SourceVersion "1"]
[SourceVersionDate "2023.10.01"]
[SourceQuality "1"]

1. e4 c6 2. d4 d5 3. e5 Bf5 4. h4 h6 5. g4 Be4 6. f3 Bh7 7. Bd3 Bxd3 8. Qxd3 e6 9. Be3 Qb6 10. Qb3 Qxb3 11. axb3 Nd7 12. Nc3 a6 13. Nge2 Rc8 14. h5 c5 15. 0-0-0 Ne7 16. f4 Nc6 17. dxc5 Bxc5 18. Bxc5 Nxc5 19. Nd4 f6 20. exf6 gxf6 21. Nf3 Rg8 22. Rhg1 Nb4 23. g5 Ne4 24. gxf6 Kf7 25. Nxe4 dxe4 26. Ne5+ Kxf6 27. Ng4+ Ke7 28. Ne5 Rxc2+ 29. Kb1 Rxg1 30. Rxg1 Rh2 31. Rd1 Rxh5 32. Kc1 Nd5 33. Rg1 Nxf4 0-1

[Event "CZE-ch U14"]
[Site "Kouty nad Desnou"]
[Date "2024.03.10"]
[Round "2"]
[White "Popov, Roman4"]
[Black "Migalko, Dmitriy"]
[Result "1-0"]
[WhiteElo "1849"]
[BlackElo "1896"]
[PlyCount "101"]
[EventDate "2024.03.09"]
[EventType "swiss"]
[EventRounds "9"]
[EventCountry "CZE"]
[SourceTitle "CB12_2024"]
[SourceDate "2023.10.01"]
[SourceVersion "1"]
[SourceVersionDate "2023.10.01"]
[SourceQuality "1"]

1. c4 e6 2. Nf3 d5 3. e3 Nf6 4. Nc3 Be7 5. b3 Nbd7 6. Be2 0-0 7. 0-0 b6 8. Bb2 Bb7 9. d4 Ne4 10. Qc2 f5 11. Rac1 c6 12. Ne1 Bd6 13. g3 Qg5 14. Bf3 h5 15. Ng2 Qh6 16. h4 Ndf6 17. Nf4 Rae8 18. Qe2 Ng4 19. Kg2 g6 20. Rcd1 Ngf6 21. Rc1 Ba6 22. Nd1 Bb4 23. Bc3 Bxc3 24. Nxc3 Nxc3 25. Rxc3 Ne4 26. Rcc1 e5 27. dxe5 Rxe5 28. Nd3 Ree8 29. Nb4 Bb7 30. cxd5 cxd5 31. Rc7 Rf7 32. Rfc1 Qf8 33. Nd3 Nc5 34. Rxf7 Kxf7 35. Nxc5 bxc5 36. Qb5 Qe7 37. Rxc5 Rd8 38. Qa5 d4 39. Rc7 Bxf3+ 40. Kxf3 Rd7 41. Rxd7 Qxd7 42. exd4 Qxd4 43. Qc7+ Kf8 44. Qc4 Qa1 45. Qb4+ Kg7 46. Qe7+ Kg8 47. Qd8+ Kh7 48. Qc7+ Kh8 49. Qb8+ Kg7 50. Qxa7+ Kh8 51. Kg2 1-0

[Event "Ricany op"]
[Site "Ricany"]
[Date "2023.08.30"]
[Round "6"]
[White "Maslo, Ondrej"]
[Black "Migalko, Dmitriy"]
[Result "1/2-1/2"]
[WhiteElo "1848"]
[BlackElo "1670"]
[PlyCount "55"]
[EventDate "2023.08.26"]
[EventType "swiss"]
[EventRounds "9"]
[EventCountry "CZE"]
[SourceTitle "EXT 2024"]
[Source "ChessBase"]
[SourceDate "2023.10.10"]
[SourceVersion "1"]
[SourceVersionDate "2023.10.10"]
[SourceQuality "1"]

1. e4 c5 2. c3 d5 3. exd5 Qxd5 4. d4 Nf6 5. Nf3 Nc6 6. Be3 cxd4 7. cxd4 e6 8. Be2 Be7 9. 0-0 0-0 10. Nc3 Qa5 11. Qb3 Qb4 12. Qxb4 Nxb4 13. Rac1 Nbd5 14. Bg5 Nxc3 15. Rxc3 h6 16. Bh4 g5 17. Bg3 Ne4 18. Re3 Nxg3 19. hxg3 Rd8 20. Rd1 Kg7 21. Ne5 Bd7 22. Bh5 Be8 23. d5 Bf6 24. dxe6 Rxd1+ 25. Bxd1 fxe6 26. Bb3 Bxe5 27. Rxe5 Bd7 28. f4 1/2-1/2

[Event "Ricany op"]
[Site "Ricany"]
[Date "2023.08.27"]
[Round "2"]
[White "Borecky, Andrej"]
[Black "Migalko, Dmitriy"]
[Result "0-1"]
[WhiteElo "1394"]
[BlackElo "1670"]
[PlyCount "104"]
[EventDate "2023.08.26"]
[EventType "swiss"]
[EventRounds "9"]
[EventCountry "CZE"]
[SourceTitle "EXT 2024"]
[Source "ChessBase"]
[SourceDate "2023.10.10"]
[SourceVersion "1"]
[SourceVersionDate "2023.10.10"]
[SourceQuality "1"]

1. b3 d5 2. Bb2 Bf5 3. e3 Nd7 4. Nf3 Ngf6 5. d3 e6 6. Be2 Bd6 7. Nbd2 0-0 8. 0-0 c6 9. c4 Re8 10. Nh4 Bg6 11. Nxg6 hxg6 12. Rc1 Qa5 13. a3 Qc7 14. h3 a5 15. cxd5 exd5 16. Nf3 Ne5 17. Nd4 Qe7 18. a4 Ned7 19. Qd2 Nf8 20. Bc3 Bc7 21. b4 axb4 22. Bxb4 Bd6 23. Bxd6 Qxd6 24. Ra1 Ne6 25. Nxe6 Qxe6 26. Qb4 Ra7 27. Rfc1 Rea8 28. a5 Qd7 29. Bd1 Qc7 30. Bf3 Rxa5 31. Rxa5 Rxa5 32. e4 dxe4 33. dxe4 Re5 34. g3 Qe7 35. Rc4 Qxb4 36. Rxb4 b5 37. Kf1 Kf8 38. Ke2 Ke7 39. Kd3 Nd7 40. Bg2 f6 41. f4 Rc5 42. g4 g5 43. fxg5 Rxg5 44. Bf1 Rc5 45. Be2 Ne5+ 46. Kd4 Rc2 47. Bd3 Rd2 48. Rb3 Rxd3+ 49. Rxd3 Nxd3 50. Kxd3 g5 51. Kd4 b4 52. Kc4 c5 0-1

[Event "Ceske Budejovice op-A"]
[Site "Ceske Budejovice"]
[Date "2023.07.05"]
[Round "5"]
[White "Migalko, Dmitriy"]
[Black "Novomeska, Karin"]
[Result "1/2-1/2"]
[WhiteElo "1507"]
[BlackElo "1794"]
[PlyCount "65"]
[EventDate "2023.07.01"]
[EventType "swiss"]
[EventRounds "9"]
[EventCountry "CZE"]
[SourceTitle "CBM 215 Extra"]
[Source "ChessBase"]
[SourceDate "2023.09.30"]
[SourceVersion "1"]
[SourceVersionDate "2023.09.30"]
[SourceQuality "1"]

1. e4 c6 2. Nf3 d5 3. Nc3 dxe4 4. Nxe4 Nf6 5. Qe2 Nxe4 6. Qxe4 Qd5 7. Qh4 e6 8. d4 Be7 9. Qg3 Bf6 10. c3 Nd7 11. Be2 0-0 12. 0-0 e5 13. dxe5 Bxe5 14. Nxe5 Qxe5 15. Qf3 Re8 16. Bc4 Nf6 17. Bf4 Qe4 18. Bb3 Qxf3 19. gxf3 Re2 20. Rfe1 Re8 21. Rxe8+ Nxe8 22. Re1 Kf8 23. Bg5 f6 24. Be3 b6 25. Bc2 h6 26. Bg6 Nd6 27. Bf4 Nf7 28. Be4 Bb7 29. Rd1 Ke7 30. Re1 Kf8 31. Rd1 Ke7 32. Re1 Kf8 33. Rd1 1/2-1/2

[Event "Ceske Budejovice op-A"]
[Site "Ceske Budejovice"]
[Date "2023.07.04"]
[Round "4"]
[White "Sim, Jia Ru"]
[Black "Migalko, Dmitriy"]
[Result "1-0"]
[WhiteElo "1869"]
[BlackElo "1507"]
[PlyCount "91"]
[EventDate "2023.07.01"]
[EventType "swiss"]
[EventRounds "9"]
[EventCountry "CZE"]
[SourceTitle "CBM 215 Extra"]
[Source "ChessBase"]
[SourceDate "2023.09.30"]
[SourceVersion "1"]
[SourceVersionDate "2023.09.30"]
[SourceQuality "1"]

1. e4 c5 2. Nf3 e6 3. g3 d5 4. exd5 exd5 5. d4 Nf6 6. Bg2 Bg4 7. 0-0 cxd4 8. Qxd4 Nc6 9. Qa4 Qa5 10. Re1+ Be7 11. Qxa5 Nxa5 12. Bg5 Be6 13. Nd4 Nc6 14. Nxe6 fxe6 15. Nc3 Kf7 16. Nb5 Rac8 17. Bh3 Nd8 18. c3 Bc5 19. Be3 a6 20. Nd4 Bxd4 21. Bxd4 g5 22. f4 gxf4 23. Rf1 Rf8 24. Rxf4 Ke7 25. Rh4 Rc7 26. Rf1 h5 27. Rhf4 e5 28. Bxe5 Rc6 29. Bd4 Rf7 30. Bg2 b5 31. b4 Re6 32. Bxf6+ Rfxf6 33. Rxf6 Rxf6 34. Rxf6 Kxf6 35. Bxd5 Ke5 36. Bf3 Ne6 37. Bxh5 Ke4 38. Bg6+ Ke3 39. h4 Kd2 40. h5 Kxc3 41. h6 Nf8 42. Bf5 Kxb4 43. g4 Kc5 44. g5 Kd6 45. g6 Ke5 46. g7 1-0

[Event "Ceske Budejovice op-A"]
[Site "Ceske Budejovice"]
[Date "2023.07.03"]
[Round "3"]
[White "Migalko, Dmitriy"]
[Black "Lang, Simon"]
[Result "0-1"]
[WhiteElo "1507"]
[BlackElo "1997"]
[PlyCount "78"]
[EventDate "2023.07.01"]
[EventType "swiss"]
[EventRounds "9"]
[EventCountry "CZE"]
[SourceTitle "CBM 215 Extra"]
[Source "ChessBase"]
[SourceDate "2023.09.30"]
[SourceVersion "1"]
[SourceVersionDate "2023.09.30"]
[SourceQuality "1"]

1. Nf3 d5 2. d4 Nf6 3. c4 e6 4. g3 Be7 5. Bg2 0-0 6. 0-0 dxc4 7. Qc2 a6 8. a4 Bd7 9. Qxc4 Bc6 10. Nc3 b5 11. Qd3 b4 12. Nb1 Be4 13. Qd1 Nbd7 14. Nbd2 Bb7 15. Nc4 c5 16. e3 Qc7 17. Nce5 Rfd8 18. Nxf7 Bxf3 19. Qxf3 Kxf7 20. Qxa8 Rxa8 21. Bxa8 e5 22. dxe5 Nxe5 23. Rd1 Qc8 24. Bg2 Qg4 25. Bd2 Nf3+ 26. Bxf3 Qxf3 27. Be1 Ne4 28. Rd7 Ng5 29. h4 Nh3+ 30. Kf1 Qh1+ 31. Ke2 Ng1+ 32. Kd3 Qc6 33. Ra7 c4+ 34. Kc2 Qe4+ 35. Kd1 Qd3+ 36. Bd2 Nf3 37. Kc1 Qxd2+ 38. Kb1 Qd1+ 39. Ka2 b3# 0-1

[Event "CZE-ch U12"]
[Site "Teplice"]
[Date "2023.03.16"]
[Round "7"]
[White "Krisica, Lukas"]
[Black "Migalko, Dmitriy"]
[Result "0-1"]
[WhiteElo "1342"]
[BlackElo "1581"]
[PlyCount "76"]
[EventDate "2023.03.11"]
[EventType "swiss"]
[EventRounds "9"]
[EventCountry "CZE"]
[SourceTitle "CBM 213 Extra"]
[Source "ChessBase"]
[SourceDate "2023.05.31"]
[SourceVersion "1"]
[SourceVersionDate "2023.05.31"]
[SourceQuality "1"]

1. d4 d5 2. c4 c6 3. Nc3 Nf6 4. e3 Bf5 5. Nf3 e6 6. Bd2 Bd6 7. Be2 Nbd7 8. 0-0 0-0 9. Qb3 Qc7 10. h3 Ne4 11. c5 Be7 12. Qa3 b6 13. b4 a5 14. Nxe4 dxe4 15. Nh2 axb4 16. cxb6 Qxh2+ 17. Kxh2 Rxa3 18. Rfb1 Nxb6 19. Bxb4 Bxb4 20. Rxb4 Nd5 21. Rc4 Rc8 22. g4 Bg6 23. h4 f5 24. gxf5 exf5 25. h5 Be8 26. h6 g6 27. Kg2 Rb8 28. Rc2 f4 29. Kh2 fxe3 30. fxe3 Rxe3 31. a4 Bd7 32. a5 Rh3+ 33. Kg1 Rhb3 34. Rcc1 Kf8 35. a6 Nc7 36. a7 Ra8 37. Bc4 Rb7 38. Rf1+ Bf5 0-1

[Event "Bratislava Slovakia op"]
[Site "Bratislava"]
[Date "2022.09.30"]
[Round "1"]
[White "Migalko, Dmitriy"]
[Black "Kostolansky, Sebastian Lukas"]
[Result "0-1"]
[WhiteElo "1555"]
[BlackElo "2398"]
[PlyCount "34"]
[EventDate "2022.09.30"]
[EventType "swiss (rapid)"]
[EventRounds "9"]
[EventCountry "SVK"]
[SourceTitle "CBM 210 Extra"]
[Source "ChessBase"]
[SourceDate "2022.11.30"]
[SourceVersion "1"]
[SourceVersionDate "2022.11.30"]
[SourceQuality "1"]

1. e4 c5 2. c3 Nf6 3. e5 Nd5 4. d4 cxd4 5. cxd4 d6 6. Nf3 e6 7. Bc4 dxe5 8. dxe5 Be7 9. 0-0 0-0 10. Bxd5 exd5 11. Nc3 Be6 12. Qb3 Nd7 13. Qxb7 Nc5 14. Qb5 d4 15. Rd1 Bd7 16. Nxd4 Bxb5 17. Ne6 Qxd1+ 0-1

[Event "Ceske Budejovice op-B"]
[Site "Ceske Budejovice"]
[Date "2022.07.04"]
[Round "4"]
[White "Migalko, Dmitriy"]
[Black "Dudarec, Elias"]
[Result "1-0"]
[WhiteElo "1579"]
[BlackElo "1302"]
[PlyCount "35"]
[EventDate "2022.07.01"]
[EventType "swiss"]
[EventRounds "9"]
[EventCountry "CZE"]
[SourceTitle "EXT 2023"]
[Source "ChessBase"]
[SourceDate "2022.10.05"]
[SourceVersion "1"]
[SourceVersionDate "2022.10.05"]
[SourceQuality "1"]

1. e4 e5 2. Nf3 Nc6 3. d4 exd4 4. Bc4 Bc5 5. c3 Qf6 6. 0-0 Ne5 7. Nxe5 Qxe5 8. b4 Bb6 9. Qb3 Qf6 10. Bb2 Nh6 11. a4 a6 12. Nd2 0-0 13. a5 Ba7 14. e5 Qf4 15. Nf3 d5 16. Bd3 dxc3 17. Qxc3 Bg4 18. Bc1 1-0

[Event "EU-ch Schools U11"]
[Site "Rhodes"]
[Date "2022.04.22"]
[Round "2"]
[White "Migalko, Dmitriy"]
[Black "Murawski, Jan"]
[Result "0-1"]
[WhiteElo "1694"]
[BlackElo "1439"]
[PlyCount "82"]
[EventDate "2022.04.21"]
[EventType "swiss"]
[EventRounds "9"]
[EventCountry "GRE"]
[SourceTitle "CBM 208 Extra"]
[Source "ChessBase"]
[SourceDate "2022.07.31"]
[SourceVersion "1"]
[SourceVersionDate "2022.07.31"]
[SourceQuality "1"]

1. e4 e5 2. Nf3 Nc6 3. d4 exd4 4. Bc4 Nf6 5. 0-0 Nxe4 6. Re1 d5 7. Bxd5 Qxd5 8. Nc3 Qh5 9. Nxe4 Be7 10. Bg5 Be6 11. Bxe7 Kxe7 12. Nxd4 Qxd1 13. Nxc6+ bxc6 14. Raxd1 Rad8 15. a3 Rd5 16. b4 Rhd8 17. Nc3 Rd2 18. Rxd2 Rxd2 19. Re2 Rxe2 20. Nxe2 Kd6 21. Kf1 c5 22. bxc5+ Kxc5 23. Ke1 Bc4 24. Nc3 Kd4 25. Kd2 f5 26. f3 Bf1 27. g3 g5 28. Nd1 f4 29. g4 Bb5 30. Nb2 Bc6 31. c3+ Kc5 32. Ke2 Bb5+ 33. Kd2 a5 34. Kc2 Be2 35. Nd3+ Bxd3+ 36. Kxd3 Kb5 37. Kc2 Kc4 38. h3 a4 39. Kd2 Kb3 40. Kd3 Kxa3 41. Kc2 h6 0-1

[Event "EU-ch Schools U11"]
[Site "Rhodes"]
[Date "2022.04.21"]
[Round "1"]
[White "Barbier Ramaiah, Rohan Theo"]
[Black "Migalko, Dmitriy"]
[Result "0-1"]
[WhiteElo "1268"]
[BlackElo "1694"]
[PlyCount "148"]
[EventDate "2022.04.21"]
[EventType "swiss"]
[EventRounds "9"]
[EventCountry "GRE"]
[SourceTitle "CBM 208 Extra"]
[Source "ChessBase"]
[SourceDate "2022.07.31"]
[SourceVersion "1"]
[SourceVersionDate "2022.07.31"]
[SourceQuality "1"]

1. d4 d5 2. c4 e6 3. Nc3 c5 4. cxd5 exd5 5. dxc5 d4 6. Ne4 Bxc5 7. Bd2 Be7 8. Qb3 Nc6 9. Nf3 Nf6 10. Nfg5 0-0 11. Qc2 Nxe4 12. Nxe4 Bf5 13. Nf6+ Bxf6 14. Qxf5 Re8 15. Rb1 Rc8 16. g3 d3 17. e3 Nd4 18. Qxd3 Nf3+ 19. Kd1 Qxd3 20. Bxd3 Red8 21. Ke2 Rxd3 22. Kxd3 Rd8+ 23. Ke2 Nxd2 24. Rbd1 Ne4 25. Rxd8+ Bxd8 26. Rd1 Bb6 27. Rd7 Nc5 28. Re7 Kf8 29. Re5 f6 30. Rd5 Ke7 31. f3 Ke6 32. Rd2 Nd7 33. f4 f5 34. g4 fxg4 35. f5+ Ke7 36. Kf2 Nf6 37. Rc2 Nd5 38. Re2 Kf6 39. Kg3 Nxe3 40. Kf4 h5 41. Rd2 Nxf5 42. Rd5 g5+ 43. Ke4 Ng7 44. Rd6+ Ne6 45. Kd5 Bc7 46. Rxe6+ Kf5 47. Re2 h4 48. Rf2+ Bf4 49. b4 g3 50. hxg3 hxg3 51. Rg2 Kg4 52. Ke4 Kh3 53. Rc2 g2 54. Rc3+ Kh2 55. Rc2 Kh1 56. Rxg2 Kxg2 57. Kf5 Kf3 58. a4 g4 59. a5 Bd2 60. b5 Bxa5 61. b6 Bxb6 62. Kg5 g3 63. Kf5 g2 64. Ke5 g1Q 65. Ke6 Kf4 66. Kf7 Qg5 67. Ke6 Qe5+ 68. Kf7 Bd4 69. Kf8 Bg1 70. Kf7 Kg5 71. Kf8 Bc5+ 72. Kg8 Qe7 73. Kh8 Bd4+ 74. Kg8 Qg7# 0-1